[Event "SLO-chT1 West"]
[Site "Ljubljana"]
[Date "2010.10.17"]
[Round "9.5"]
[White "Kozarski, Filip"]
[Black "Vrcon, Damijan"]
[Result "1/2-1/2"]
[WhiteElo "1937"]
[BlackElo "2193"]
[PlyCount "90"]
[EventDate "2010.09.24"]
[EventType "team-tourn"]
[EventRounds "9"]
[EventCountry "SLO"]
[SourceTitle "CBM 138 Extra"]
[Source "ChessBase"]
[SourceDate "2010.10.29"]
[SourceVersion "1"]
[SourceVersionDate "2010.10.29"]
[SourceQuality "1"]
[WhiteTeam "Komenda"]
[BlackTeam "Koper"]
[WhiteTeamCountry "SLO"]
[BlackTeamCountry "SLO"]

1. e4 e6 2. d4 d5 3. exd5 exd5 4. Bd3 Bd6 5. Nf3 Ne7 6. Bg5 0-0 7. 0-0 Re8 8. Re1 Nd7 9. Nbd2 Nf8 10. c3 c6 11. Qc2 Qc7 12. Bh4 Bd7 13. Bg3 Neg6 14. Bf5 h5 15. Bxd7 Qxd7 16. Bxd6 Qxd6 17. Qf5 h4 18. g3 b5 19. Nb3 a5 20. Nc5 f6 21. Qg4 hxg3 22. hxg3 a4 23. a3 Rad8 24. Nh4 Nxh4 25. Qxh4 Re7 26. Nd3 Rde8 27. Rxe7 Rxe7 28. Re1 Rxe1+ 29. Nxe1 Qe6 30. Kf1 Ng6 31. Qh5 Qe4 32. f3 Qb1 33. Qh2 Ne7 34. Qc2 Qa1 35. Kf2 Kf7 36. Ke2 Ke6 37. Kf2 Kf7 38. Ke2 g6 39. g4 f5 40. gxf5 Nxf5 41. Qd2 Kf6 42. Kf2 Qb1 43. Qc2 Qxc2+ 44. Nxc2 Ke6 45. Nb4 Ne7 1/2-1/2

[Event "SLO-chT1 West"]
[Site "Ljubljana"]
[Date "2010.09.26"]
[Round "3.5"]
[White "Kozarski, Filip"]
[Black "Bajo, Igor"]
[Result "1-0"]
[WhiteElo "1937"]
[BlackElo "1929"]
[PlyCount "39"]
[EventDate "2010.09.24"]
[EventType "team-tourn"]
[EventRounds "9"]
[EventCountry "SLO"]
[SourceTitle "CBM 138 Extra"]
[Source "ChessBase"]
[SourceDate "2010.10.29"]
[SourceVersion "1"]
[SourceVersionDate "2010.10.29"]
[SourceQuality "1"]
[WhiteTeam "Komenda"]
[BlackTeam "Kocevje"]
[WhiteTeamCountry "SLO"]
[BlackTeamCountry "SLO"]

1. e4 c5 2. Nc3 e6 3. Nf3 Nc6 4. d4 cxd4 5. Nxd4 Qb6 6. Ndb5 a6 7. Nd6+ Bxd6 8. Qxd6 Nge7 9. Bd3 0-0 10. 0-0 f5 11. Bg5 Ng6 12. exf5 exf5 13. Nd5 Qd4 14. Rfe1 Qg4 15. f4 Nh4 16. Ne3 Nf3+ 17. Kf2 Nxg5 18. Nxg4 Nf7 19. Bc4 fxg4 20. Bxf7+ 1-0

[Event "SLO-ch U18"]
[Site "Rogaska Slatina"]
[Date "2009.02.24"]
[Round "5"]
[White "Kozarski, Filip"]
[Black "Rozman, Mitja"]
[Result "0-1"]
[WhiteElo "1944"]
[BlackElo "1838"]
[PlyCount "84"]
[EventDate "2009.02.22"]
[EventType "swiss"]
[EventRounds "9"]
[EventCountry "SLO"]
[SourceTitle "CBM 129 Extra"]
[Source "ChessBase"]
[SourceDate "2009.05.05"]
[SourceVersion "2"]
[SourceVersionDate "2009.05.20"]
[SourceQuality "1"]

1. c4 e5 2. g3 g6 3. Bg2 Bg7 4. Nc3 d6 5. Nf3 Ne7 6. 0-0 0-0 7. d4 c6 8. dxe5 dxe5 9. Qb3 Qc7 10. Rd1 Na6 11. Ne4 Bf5 12. Nd6 Rad8 13. Nxf5 Rxd1+ 14. Qxd1 Nxf5 15. Qa4 Rd8 16. Bg5 f6 17. e4 Nd6 18. Be3 Nxe4 19. Bxa7 c5 20. Qb5 Nd6 21. Qb6 Rd7 22. Rd1 Nc8 23. Qe6+ Rf7 24. Nxe5 fxe5 25. Bd5 Nxa7 26. Qe8+ Bf8 27. Be6 Qe7 28. Bxf7+ Qxf7 29. Qa8 Nc6 30. Qc8 Nab8 31. a3 Kg7 32. b4 cxb4 33. axb4 Bxb4 34. Rb1 Na6 35. Rd1 Nd4 36. f4 Bc5 37. fxe5 Nc2+ 38. Kg2 Ne3+ 39. Kh3 Nxd1 40. e6 Qf1+ 41. Kh4 Be7+ 42. Kg4 Qf5# 0-1

[Event "SLO-chT1 West"]
[Site "Ljubljana"]
[Date "2008.11.21"]
[Round "6.5"]
[White "Kozarski, Filip"]
[Black "Kovacic, Peter"]
[Result "0-1"]
[WhiteElo "1927"]
[BlackElo "2166"]
[PlyCount "130"]
[EventDate "2008.11.13"]
[EventType "team-tourn"]
[EventRounds "9"]
[EventCountry "SLO"]
[SourceTitle "EXT 2010"]
[Source "ChessBase"]
[SourceDate "2010.11.25"]
[SourceVersion "1"]
[SourceVersionDate "2010.11.25"]
[SourceQuality "1"]
[WhiteTeam "Komenda"]
[BlackTeam "Kranj Tomo Zupan"]
[WhiteTeamCountry "SLO"]
[BlackTeamCountry "SLO"]

1. e4 e5 2. Nf3 d5 3. exd5 Qxd5 4. Nc3 Qa5 5. Bc4 Nc6 6. Ng5 Nh6 7. Qh5 Nd8 8. d3 c6 9. Nf3 Nf5 10. 0-0 g6 11. Qg5 Be7 12. Qd2 Be6 13. Re1 f6 14. Qe2 Bxc4 15. dxc4 Ne6 16. Bd2 Qc7 17. Ne4 Nfd4 18. Nxd4 Nxd4 19. Qd3 0-0-0 20. c3 Ne6 21. Qc2 f5 22. Ng3 Rhf8 23. b4 h5 24. c5 Bf6 25. a4 Qf7 26. b5 Qd7 27. Bh6 Rh8 28. Red1 Qc7 29. b6 axb6 30. cxb6 Qxb6 31. a5 Qa6 32. Nxf5 c5 33. Rxd8+ Bxd8 34. Bg7 Nxg7 35. Nxg7 Rg8 36. Nxh5 gxh5 37. Qf5+ Kb8 38. Qxe5+ Bc7 39. Qxh5 Qc6 40. g3 Rd8 41. Qe2 Ka7 42. h4 c4 43. Qe3+ Ka6 44. Qg5 Rd5 45. Qg8 Bxa5 46. Qa8+ Kb6 47. Rb1+ Rb5 48. Qd8+ Ka7 49. Qd4+ Ka6 50. Rxb5 Qxb5 51. h5 Qb1+ 52. Kg2 Qd3 53. h6 Bxc3 54. Qxd3 cxd3 55. Kf3 b5 56. g4 Bd2 57. Ke4 Bxh6 58. Kxd3 b4 59. Ke4 b3 60. Kd3 Ka5 61. Kc3 Ka4 62. Kb2 Kb4 63. Kb1 Kc3 64. Ka1 Kc2 65. g5 Bg7# 0-1

[Event "SLO-chT1 West"]
[Site "Ljubljana"]
[Date "2008.11.16"]
[Round "5.5"]
[White "Kolaric, Spela"]
[Black "Kozarski, Filip"]
[Result "0-1"]
[WhiteElo "1878"]
[BlackElo "1927"]
[PlyCount "112"]
[EventDate "2008.11.13"]
[EventType "team-tourn"]
[EventRounds "9"]
[EventCountry "SLO"]
[SourceTitle "EXT 2010"]
[Source "ChessBase"]
[SourceDate "2010.11.25"]
[SourceVersion "1"]
[SourceVersionDate "2010.11.25"]
[SourceQuality "1"]
[WhiteTeam "Kocevje"]
[BlackTeam "Komenda"]
[WhiteTeamCountry "SLO"]
[BlackTeamCountry "SLO"]

1. e4 c5 2. Nf3 d6 3. d4 cxd4 4. Nxd4 Nf6 5. Nc3 e5 6. Nb3 Be6 7. Be2 d5 8. exd5 Nxd5 9. Nxd5 Qxd5 10. Qxd5 Bxd5 11. 0-0 Nc6 12. c3 0-0-0 13. Be3 f5 14. Rad1 Be7 15. Bd3 g6 16. Bb1 b6 17. Rfe1 Rd7 18. Bd3 Rhd8 19. Bb5 Kb7 20. f3 a6 21. Be2 f4 22. Bf2 Bxb3 23. Rxd7+ Rxd7 24. axb3 Rd2 25. Bc4 Rxb2 26. Bd5 Bd6 27. Rd1 Kc7 28. b4 Rc2 29. Be1 a5 30. bxa5 bxa5 31. Ra1 Bc5+ 32. Kf1 Bb6 33. Ra4 Ne7 34. Be4 Rc1 35. Ke2 Nf5 36. Rc4+ Kd7 37. Rc6 Nd4+ 38. cxd4 Rxc6 39. Bxc6+ Kxc6 40. dxe5 Kd5 41. Bc3 a4 42. Kd3 a3 43. Kc2 Bc7 44. Bb4 a2 45. Kb2 Bxe5+ 46. Kxa2 Kc4 47. Be1 Kd3 48. Kb3 Ke2 49. Bh4 h6 50. Kc4 g5 51. Kd5 Bc7 52. Bxg5 hxg5 53. Ke4 Kf2 54. g3 fxg3 55. hxg3 Kxg3 56. Kf5 Bf4 0-1

[Event "SLO-ch qual"]
[Site "Sentjur"]
[Date "2008.07.05"]
[Round "5"]
[White "Kozarski, Filip"]
[Black "Mestrovic, Zvonimir"]
[Result "0-1"]
[WhiteElo "1882"]
[BlackElo "2337"]
[PlyCount "72"]
[EventDate "2008.07.03"]
[EventType "swiss"]
[EventRounds "9"]
[EventCountry "SLO"]
[SourceTitle "EXT 2010"]
[Source "ChessBase"]
[SourceDate "2010.11.25"]
[SourceVersion "1"]
[SourceVersionDate "2010.11.25"]
[SourceQuality "1"]

1. e4 Nc6 2. Nf3 d6 3. d4 Nf6 4. c3 e5 5. dxe5 dxe5 6. Qc2 Bc5 7. Be2 Bg4 8. Nbd2 Bh5 9. 0-0 Qe7 10. b4 Bd6 11. a3 g5 12. Bb5 Nd7 13. Bxc6 bxc6 14. c4 c5 15. b5 Nf8 16. Qa4 Qd7 17. Bb2 f6 18. Qa6 Ne6 19. Qb7 0-0 20. Qd5 Bf7 21. Qd3 Rfd8 22. Rfd1 Nf4 23. Qf1 Bh5 24. Nb3 Qf7 25. Rd2 Bxf3 26. gxf3 Qh5 27. Rd3 Nxd3 28. Qxd3 Bf8 29. Qe3 Rd7 30. Nc1 Rad8 31. Ne2 Rd3 32. Ng3 Rxe3 33. Nxh5 Rxf3 34. Kg2 g4 35. Re1 Bh6 36. Ng3 Rd2 0-1

[Event "SLO-ch U18"]
[Site "Postojna"]
[Date "2008.03.01"]
[Round "9"]
[White "Nerat, Grega"]
[Black "Kozarski, Filip"]
[Result "0-1"]
[WhiteElo "1546"]
[BlackElo "1896"]
[PlyCount "66"]
[EventDate "2008.02.24"]
[EventType "swiss"]
[EventRounds "9"]
[EventCountry "SLO"]
[SourceTitle "EXT 2010"]
[Source "ChessBase"]
[SourceDate "2010.11.25"]
[SourceVersion "1"]
[SourceVersionDate "2010.11.25"]
[SourceQuality "1"]

1. c4 e5 2. Nf3 d6 3. g3 Be6 4. d3 Nc6 5. Bg2 Be7 6. Nc3 Qd7 7. 0-0 f5 8. a3 h6 9. e3 Nd8 10. b4 Nf6 11. b5 0-0 12. c5 Nd5 13. Nxd5 Bxd5 14. cxd6 Bxd6 15. a4 f4 16. e4 Be6 17. Bb2 Nf7 18. Rc1 Bg4 19. d4 Qe6 20. d5 Qf6 21. Qb3 Ng5 22. Nxg5 Qxg5 23. f3 Bd7 24. g4 h5 25. h3 hxg4 26. fxg4 Rf6 27. Bc3 f3 28. Bxe5 Qxe5 29. Rxf3 Rxf3 30. Bxf3 Qg3+ 31. Kf1 Rf8 32. Ke2 Qh2+ 33. Kd1 Qxh3 0-1